00557nam a22002177a 450000500170000001000110001702000100002803500110003803700160004904000120006508200170007710000160009424500570011025000160016726000390018327000280022230000230025050000200027365000210029365000250031420170124110146.0 a755461 c00.00 a755461 bCen Lib/Ret aDPLbEN a636.089bUDA aUdall, D.H. aThe practice of veterinary medicine /cby D.H. Udall a6th rev ed. aBombayc1964bOxford Book Company  bBombaya17, Park street aix,611p.c22cm(Hb) aIncludes index  aMedical science  aVeterinary medicine